[Event "Mittelfranken-chTB2a 1718"]
[Site "Mittelfranken"]
[Date "2017.10.29"]
[Round "2.4"]
[White "Roth, Hubert"]
[Black "Martin, Hans"]
[Result "1-0"]
[WhiteElo "1785"]
[BlackElo "1767"]
[PlyCount "29"]
[EventDate "2017.10.08"]
[EventType "team-tourn"]
[EventRounds "9"]
[EventCountry "GER"]
[SourceTitle "EXT 2022"]
[Source "ChessBase"]
[SourceDate "2021.10.06"]
[SourceVersion "1"]
[SourceVersionDate "2021.10.06"]
[SourceQuality "1"]
[WhiteTeam "Rothenburg II"]
[BlackTeam "Buechenbach/Roth II"]
[WhiteTeamCountry "GER"]
[BlackTeamCountry "GER"]

1. e4 c6 2. d4 d5 3. e5 Bf5 4. Nc3 e6 5. g4 Bg6 6. Nge2 Be7 7. Be3 h5 8. Nf4 hxg4 9. Nxg6 fxg6 10. Qxg4 Kf7 11. Bd3 g5 12. h4 Rxh4 13. Rxh4 gxh4 14. Bg6+ Kf8 15. Qxe6 1-0

[Event "Mittelfranken-chTB2a 1617"]
[Site "Mittelfranken"]
[Date "2017.03.05"]
[Round "7.6"]
[White "Martin, Hans"]
[Black "Schwarz, Werner"]
[Result "1-0"]
[WhiteElo "1767"]
[BlackElo "1635"]
[PlyCount "73"]
[EventDate "2016.10.23"]
[EventType "team-tourn"]
[EventRounds "9"]
[EventCountry "GER"]
[SourceTitle "EXT 2022"]
[Source "ChessBase"]
[SourceDate "2021.10.06"]
[SourceVersion "1"]
[SourceVersionDate "2021.10.06"]
[SourceQuality "1"]
[WhiteTeam "Buechenbach/Roth II"]
[BlackTeam "Fuerth SG"]
[WhiteTeamCountry "GER"]
[BlackTeamCountry "GER"]

1. d4 Nf6 2. c4 e5 3. dxe5 Ng4 4. Nf3 Bc5 5. e3 Nc6 6. h3 Ngxe5 7. a3 a5 8. b3 Nxf3+ 9. Qxf3 0-0 10. Bd3 Ne5 11. Bxh7+ Kxh7 12. Qe4+ Kg8 13. Qxe5 d6 14. Qg3 f6 15. Nc3 c6 16. Ne4 Qe7 17. Nxc5 dxc5 18. 0-0 Be6 19. Rb1 a4 20. b4 Bxc4 21. Re1 Bd3 22. Rb2 c4 23. Rd2 Rad8 24. Bb2 c5 25. Bc3 b6 26. Rc1 Rf7 27. Qf3 Qc7 28. Qd1 Ra8 29. Qf3 Re8 30. Qd1 Qb7 31. Qg4 f5 32. Qg3 Re4 33. bxc5 bxc5 34. Rb2 Qe7 35. Qg6 Rf8 36. Qc6 Rxe3 37. Rb7 1-0

[Event "Mittelfranken-chTB2a 1516"]
[Site "Mittelfranken"]
[Date "2016.04.03"]
[Round "8.6"]
[White "Metzenroth, Dieter"]
[Black "Martin, Hans"]
[Result "1/2-1/2"]
[WhiteElo "1683"]
[BlackElo "1778"]
[PlyCount "40"]
[EventDate "2015.10.18"]
[EventType "team-tourn"]
[EventRounds "9"]
[EventCountry "GER"]
[SourceTitle "EXT 2020"]
[Source "ChessBase"]
[SourceDate "2019.10.17"]
[SourceVersion "1"]
[SourceVersionDate "2019.10.17"]
[SourceQuality "1"]
[WhiteTeam "Cadolzburg"]
[BlackTeam "Buechenbach/Roth II"]
[WhiteTeamCountry "GER"]
[BlackTeamCountry "GER"]

1. Nf3 Nf6 2. c4 e6 3. g3 b6 4. Bg2 Bb7 5. 0-0 d5 6. cxd5 Bxd5 7. Nc3 Bd6 8. Qc2 Bc6 9. e4 Nbd7 10. d4 e5 11. Nxe5 Nxe5 12. dxe5 Bxe5 13. Rd1 Qe7 14. Bg5 0-0 15. Nd5 Bxd5 16. exd5 Rad8 17. f4 Bd6 18. Re1 Bc5+ 19. Kh1 Qd6 20. Bxf6 Qxf6 1/2-1/2

[Event "Mittelfranken-chTB2a 1011"]
[Site "Germany"]
[Date "2011.04.03"]
[Round "8.3"]
[White "Suess, Helmut"]
[Black "Martin, Hans"]
[Result "1/2-1/2"]
[WhiteElo "1870"]
[BlackElo "1757"]
[PlyCount "104"]
[EventDate "2010.09.26"]
[EventType "team-tourn"]
[EventRounds "9"]
[EventCountry "GER"]
[SourceTitle "EXT 2012"]
[Source "ChessBase"]
[SourceDate "2011.11.24"]
[SourceVersion "1"]
[SourceVersionDate "2011.11.24"]
[SourceQuality "1"]
[WhiteTeam "Nuernberg NT V"]
[BlackTeam "Buechenbach/Roth III"]
[WhiteTeamCountry "GER"]
[BlackTeamCountry "GER"]

1. d4 d5 2. c4 c6 3. Nc3 dxc4 4. a4 e6 5. e4 Bb4 6. Bxc4 Qa5 7. Bd2 Nf6 8. Nf3 Qh5 9. Qe2 0-0 10. 0-0 Nbd7 11. Rfe1 e5 12. dxe5 Nxe5 13. Nxe5 Qxe5 14. f4 Qh5 15. Qxh5 Nxh5 16. g3 Bh3 17. e5 Bc5+ 18. Be3 Bxe3+ 19. Rxe3 Rad8 20. Ne4 Be6 21. Bxe6 fxe6 22. Nd6 Rd7 23. Rb3 Nf6 24. a5 Nd5 25. Rxb7 Rxb7 26. Nxb7 Rb8 27. a6 Nc7 28. b3 Nxa6 29. Rxa6 Rxb7 30. Rxc6 a5 31. Rxe6 Rxb3 32. Ra6 Rb5 33. Kf2 g5 34. Kf3 h5 35. Ke4 Rb4+ 36. Kf5 gxf4 37. gxf4 a4 38. h4 Kf8 39. Kg5 Re4 40. Rf6+ Kg7 41. Kxh5 a3 42. Ra6 Rxf4 43. Kg5 Re4 44. Kf5 Rxh4 45. Rxa3 Rh6 46. Ra7+ Kf8 47. Ke4 Ke8 48. Kd5 Rb6 49. Rc7 Kd8 50. Rf7 Ke8 51. e6 Ra6 52. Ke5 Ra1 1/2-1/2

[Event "Mittelfranken-chTB2a 0910"]
[Site "Mittelfranken"]
[Date "2010.01.31"]
[Round "6.3"]
[White "Werner, Thomas1111"]
[Black "Martin, Hans"]
[Result "1-0"]
[WhiteElo "1852"]
[BlackElo "1752"]
[PlyCount "47"]
[EventDate "2009.10.11"]
[EventType "team-tourn"]
[EventRounds "9"]
[EventCountry "GER"]
[SourceTitle "EXT 2011"]
[Source "ChessBase"]
[SourceDate "2010.11.26"]
[SourceVersion "1"]
[SourceVersionDate "2010.11.26"]
[SourceQuality "1"]
[WhiteTeam "Nuernberg Sued SW III"]
[BlackTeam "Buechenbach/Roth III"]
[WhiteTeamCountry "GER"]
[BlackTeamCountry "GER"]

1. d4 Nf6 2. c4 g6 3. Nc3 Bg7 4. e4 d6 5. f3 0-0 6. Be3 e5 7. d5 c6 8. Qd2 c5 9. Nge2 Ne8 10. g4 f5 11. gxf5 gxf5 12. exf5 Qh4+ 13. Ng3 Bxf5 14. 0-0-0 Qd8 15. Nxf5 Rxf5 16. Qg2 Nd7 17. Bd3 Rh5 18. Ne4 Kh8 19. Rhg1 Qe7 20. Ng3 Nef6 21. Nf5 Rxf5 22. Bxf5 Rd8 23. Bg5 b5 24. cxb5 1-0

[Event "Mittelfranken-chTB2b 0809"]
[Site "Mittelfranken"]
[Date "2009.03.08"]
[Round "7.5"]
[White "Martin, Hans"]
[Black "Ziegler, Peter"]
[Result "1/2-1/2"]
[WhiteElo "1752"]
[BlackElo "1849"]
[PlyCount "96"]
[EventDate "2008.10.12"]
[EventType "team"]
[EventRounds "9"]
[EventCountry "GER"]
[SourceTitle "EXT 2011"]
[Source "ChessBase"]
[SourceDate "2010.11.26"]
[SourceVersion "1"]
[SourceVersionDate "2010.11.26"]
[SourceQuality "1"]
[WhiteTeam "Buechenbach/Roth II"]
[BlackTeam "Nuernberg Zabo"]
[WhiteTeamCountry "GER"]
[BlackTeamCountry "GER"]

1. e4 e6 2. Nf3 d5 3. Nc3 Nf6 4. e5 Nfd7 5. d4 c5 6. Bb5 a6 7. Bxd7+ Bxd7 8. 0-0 Nc6 9. Be3 cxd4 10. Bxd4 Be7 11. Ne2 0-0 12. c3 Rc8 13. Qd2 Na5 14. b3 Bb5 15. Rfe1 Bxe2 16. Rxe2 Nc6 17. h3 Qc7 18. Qd3 b5 19. Kf1 b4 20. Rb1 bxc3 21. Bxc3 Qb7 22. Nd4 Nxd4 23. Bxd4 Rc6 24. Rc2 Rxc2 25. Qxc2 Rc8 26. Qd3 Qc7 27. Ke1 Qc2 28. Qxc2 Rxc2 29. Rb2 Bb4+ 30. Kd1 Rxb2 31. Bxb2 Kf8 32. Kc2 Ke8 33. a3 Bc5 34. f3 Kd7 35. b4 Bf2 36. Kb3 Kc6 37. Ka4 d4 38. Ka5 d3 39. Bc3 Kb7 40. Bd2 Bd4 41. b5 axb5 42. Kxb5 Bxe5 43. Kc4 Kc6 44. a4 g6 45. Kxd3 Kc5 46. Be1 Bc7 47. Bd2 Bg3 48. Bc3 Bc7 1/2-1/2

[Event "Mittelfranken-chTB2b 0809"]
[Site "Mittelfranken"]
[Date "2009.01.25"]
[Round "5.6"]
[White "Korth, Manfred"]
[Black "Martin, Hans"]
[Result "1-0"]
[WhiteElo "1752"]
[BlackElo "1752"]
[PlyCount "65"]
[EventDate "2008.10.12"]
[EventType "team"]
[EventRounds "9"]
[EventCountry "GER"]
[SourceTitle "EXT 2011"]
[Source "ChessBase"]
[SourceDate "2010.11.26"]
[SourceVersion "1"]
[SourceVersionDate "2010.11.26"]
[SourceQuality "1"]
[WhiteTeam "Heideck/Hilpoltstein"]
[BlackTeam "Buechenbach/Roth II"]
[WhiteTeamCountry "GER"]
[BlackTeamCountry "GER"]

1. c4 e5 2. Nc3 Nf6 3. d3 d5 4. cxd5 Nxd5 5. Nf3 Nc6 6. Bd2 Bg4 7. Qb3 Bxf3 8. gxf3 Nxc3 9. bxc3 Rb8 10. Rg1 g6 11. Bg5 Be7 12. Be3 Qd6 13. h3 Qa3 14. Bg2 Qxb3 15. axb3 a6 16. b4 Kd7 17. f4 f5 18. fxe5 Nxe5 19. Bd4 Nxd3+ 20. exd3 Rhe8 21. Kd1 c6 22. Re1 Bh4 23. Rxe8 Rxe8 24. Ra2 Bd8 25. Re2 Rxe2 26. Kxe2 b5 27. c4 Be7 28. c5 Bd8 29. Bc3 Bc7 30. d4 Bd8 31. d5 cxd5 32. Bxd5 Bc7 33. Bb7 1-0

[Event "Mittelfrankenliga-B2b 0607"]
[Site "Mittelfranken"]
[Date "2006.10.22"]
[Round "1.6"]
[White "Martin, Hans"]
[Black "Ludwig, Michael"]
[Result "1/2-1/2"]
[WhiteElo "1747"]
[BlackElo "1797"]
[PlyCount "61"]
[EventDate "2006.10.22"]
[EventType "team-tourn"]
[EventRounds "9"]
[EventCountry "GER"]
[SourceTitle "EXT 2011"]
[Source "ChessBase"]
[SourceDate "2010.11.26"]
[SourceVersion "1"]
[SourceVersionDate "2010.11.26"]
[SourceQuality "1"]
[WhiteTeam "Buechenbach/Roth II"]
[BlackTeam "Buechenbach/Roth"]
[WhiteTeamCountry "GER"]
[BlackTeamCountry "GER"]

1. e4 c6 2. d4 d5 3. e5 Bf5 4. Bd3 Bxd3 5. Qxd3 e6 6. Nf3 c5 7. Qb5+ Qd7 8. Qxd7+ Nxd7 9. Be3 cxd4 10. Bxd4 Rc8 11. c3 Bc5 12. Kd2 Ne7 13. b4 Bb6 14. Na3 a6 15. Rac1 0-0 16. Bxb6 Nxb6 17. Nd4 Rc7 18. Rc2 Rfc8 19. f4 Na4 20. Rhc1 b5 21. Kd3 Nb6 22. Rf1 Nc6 23. g3 Nxd4 24. Kxd4 f6 25. Kd3 fxe5 26. fxe5 Rf7 27. Rf4 Rcf8 28. Rcf2 Rxf4 29. Rxf4 Rxf4 30. gxf4 Kf7 31. Nc2 1/2-1/2

[Event "Regionalliga SO 9900"]
[Site "Bayern"]
[Date "1999.??.??"]
[Round "1.8"]
[White "Martin, Hans"]
[Black "Hartmann, Karl Heinz"]
[Result "1/2-1/2"]
[WhiteElo "1740"]
[BlackElo "1907"]
[PlyCount "47"]
[EventDate "1999.??.??"]
[EventType "team-tourn"]
[EventRounds "9"]
[EventCountry "GER"]
[SourceTitle "EXT 2020"]
[Source "ChessBase"]
[SourceDate "2019.10.17"]
[SourceVersion "1"]
[SourceVersionDate "2019.10.17"]
[SourceQuality "1"]
[WhiteTeam "Waldkirchen TSV"]
[BlackTeam "Ebersberg Grafing"]
[WhiteTeamCountry "GER"]
[BlackTeamCountry "GER"]

1. d4 e6 2. Bf4 Nf6 3. e3 c5 4. c3 Nc6 5. Nf3 cxd4 6. exd4 Be7 7. Bd3 a6 8. h3 Nd5 9. Bg3 Qb6 10. Qc2 f5 11. Nbd2 Nf6 12. Nc4 Qd8 13. Nd6+ Bxd6 14. Bxd6 Ne7 15. 0-0-0 b5 16. Rhg1 Bb7 17. Nd2 Nc8 18. Ba3 Nd5 19. g4 b4 20. Bxb4 Nxb4 21. cxb4 Nd6 22. Kb1 Rc8 23. Qa4 0-0 24. gxf5 1/2-1/2

[Event "Passau op 6th"]
[Site "Passau"]
[Date "1998.04.12"]
[Round "6"]
[White "Martin, Hans"]
[Black "Krafzik, Joachim"]
[Result "1/2-1/2"]
[WhiteElo "1800"]
[BlackElo "2010"]
[PlyCount "103"]
[EventDate "1998.04.10"]
[EventType "swiss"]
[EventRounds "7"]
[EventCountry "GER"]
[SourceTitle "EXT 1999"]
[Source "ChessBase"]
[SourceDate "1998.11.16"]
[SourceVersion "1"]
[SourceVersionDate "1998.11.16"]
[SourceQuality "1"]

1. d4 b6 2. e4 Bb7 3. Bd3 e6 4. Nf3 Nf6 5. Qe2 d5 6. e5 Nfd7 7. 0-0 c5 8. c3 Nc6 9. a3 Be7 10. Re1 Rc8 11. Be3 cxd4 12. cxd4 0-0 13. Nbd2 f5 14. Nf1 g5 15. g4 f4 16. Bd2 Rf7 17. Bc3 Qf8 18. N1d2 h5 19. h3 hxg4 20. hxg4 Rg7 21. Qf1 Kf7 22. Qg2 Rg8 23. Kf1 Qg7 24. Ke2 Rh8 25. Rh1 a6 26. Rxh8 Rxh8 27. Rh1 b5 28. Rh3 Nb6 29. Qh2 Rxh3 30. Qxh3 Na4 31. Qh5+ Kf8 32. Nb1 Nd8 33. Bg6 Nxc3+ 34. Nxc3 Nf7 35. Kd2 Bc6 36. Kc1 Bd7 37. Ne2 Nh8 38. Bd3 Be8 39. Qh7 Nf7 40. Qxg7+ Kxg7 41. Nd2 Nd8 42. a4 Nc6 43. Nc3 Nxd4 44. axb5 axb5 45. Ne2 Bc5 46. Nxd4 Bxd4 47. Nf3 Bxf2 48. Nxg5 Bd7 49. Kc2 Bc5 50. Bxb5 Bc8 51. Be2 Kf8 52. Ba6 1/2-1/2

[Event "Passau op 6th"]
[Site "Passau"]
[Date "1998.04.11"]
[Round "3"]
[White "Demir, Bilal"]
[Black "Martin, Hans"]
[Result "1-0"]
[WhiteElo "1980"]
[BlackElo "1800"]
[PlyCount "90"]
[EventDate "1998.04.10"]
[EventType "swiss"]
[EventRounds "7"]
[EventCountry "GER"]
[SourceTitle "EXT 1999"]
[Source "ChessBase"]
[SourceDate "1998.11.16"]
[SourceVersion "1"]
[SourceVersionDate "1998.11.16"]
[SourceQuality "1"]

1. d4 d5 2. Nc3 Nf6 3. Bg5 Nbd7 4. f3 h6 5. Bh4 c6 6. e4 Qa5 7. e5 g5 8. exf6 gxh4 9. fxe7 Bxe7 10. Qd2 Nf6 11. 0-0-0 Be6 12. Bd3 a6 13. Kb1 c5 14. Nxd5 Qd8 15. Nxe7 Kxe7 16. Be4 Nxe4 17. fxe4 Qxd4 18. Qe1 Qc4 19. b3 Qb4 20. Qxh4+ Ke8 21. Ne2 c4 22. Rd4 Qe7 23. Qxe7+ Kxe7 24. Nf4 cxb3 25. axb3 Rad8 26. Nxe6 Kxe6 27. Rhd1 Rxd4 28. Rxd4 Rg8 29. g3 Rg4 30. Kc1 f6 31. Kd2 h5 32. Ke3 Rg7 33. Rd5 h4 34. gxh4 Rh7 35. h5 b5 36. Rc5 Kd6 37. Kd4 Ra7 38. h6 Rh7 39. Rh5 a5 40. Rxb5 Rxh6 41. Rxa5 Rxh2 42. c4 Rb2 43. Rb5 Rb1 44. Rb6+ Ke7 45. b4 Rd1+ 1-0